Score 0/116 Timer 10:00
0 Plays Today
% Correct
I
89.1%
I
89.1%
the
89.1%
the
89.1%
The
89.1%
the
89.1%
I
89.1%
I
89.1%
The
89.1%
a
80.4%
a
80.4%
O!
71.7%
To
71.7%
to
71.7%
you
67.4%
And
67.4%
and
67.4%
and
67.4%
in
60.9%
be
58.7%
do
54.3%
On
54.3%
love
54.3%
of
52.2%
of
52.2%
is,
52.2%
he
52.2%
He
52.2%
of
52.2%
of
52.2%
he
52.2%
how
50%
when
50%
me
50%
will
50%
me
50%
as
47.8%
as
47.8%
My
47.8%
% Correct
my
47.8%
my
47.8%
this,
41.3%
if
39.1%
your
37%
your
37%
But
37%
your
37%
your
37%
Your
37%
your
37%
Or,
37%
his
34.8%
his,
34.8%
all
32.6%
am
30.4%
was
30.4%
was
30.4%
doth
28.3%
doth
28.3%
doth
28.3%
doth
28.3%
Then
23.9%
might,
21.7%
up
15.2%
write,
13%
make
13%
being
13%
faint
10.9%
name,
10.9%
since
10.9%
far
10.9%
Whilst
10.9%
better
8.7%
praise
8.7%
thereof
8.7%
bear,
8.7%
main
8.7%
hold
8.7%
% Correct
upon
8.7%
pride:
8.7%
Knowing
6.5%
spirit
6.5%
use
6.5%
spends
6.5%
tongue-tied
6.5%
speaking
6.5%
fame.
6.5%
worth,
6.5%
wide
6.5%
ocean
6.5%
humble
6.5%
proudest
6.5%
sail
6.5%
saucy
6.5%
bark,
6.5%
inferior
6.5%
broad
6.5%
wilfully
6.5%
appear.
6.5%
shallowest
6.5%
help
6.5%
afloat,
6.5%
soundless
6.5%
deep
6.5%
ride;
6.5%
worthless
6.5%
boat,
6.5%
tall
6.5%
building,
6.5%
goodly
6.5%
thrive
6.5%
cast
6.5%
away,
6.5%
worst
6.5%
decay.
6.5%
wracked,
4.3%
Remove Ads.
Support Sporcle.
Get the best of Sporcle when you Go Orange. This ad-free experience offers more features, more stats, and more fun while also helping to support Sporcle. Thank you for becoming a member.

You're not logged in!

Compare scores with friends on all Sporcle quizzes.
OR
Log In

Show Comments

Extras

Created Dec 26, 2014ReportNominate
Tags:Shakespeare Quiz, sonnet, William

Top Quizzes Today


Score Distribution

Your Account Isn't Verified!

In order to create a playlist on Sporcle, you need to verify the email address you used during registration. Go to your Sporcle Settings to finish the process.

Report this User

Report this user for behavior that violates our Community Guidelines.

Details: